000 00501 a2200181 4500
003 OSt
005 20231213084758.0
008 231212b |||||||| |||| 00| 0 eng d
020 _a9789355498960
040 _coclc
082 _a920
_bLIM/A
100 _aLimbale, Sharankumar
_91759
245 _aAkkarmashi /
_cSharankumar Limbale
250 _a11th ed.
260 _aKozhikode:
_bMathrubhumi Books,
_c2023.
300 _a176p.
942 _2ddc
_cBK
_h920
_iLIM/A
_k920
_mLIM/A
999 _c44080
_d44080